Miss Mary Mack / (Record no. 2381)

MARC details
000 -LEADER
fixed length control field 01147cam a2200337 a 4500
001 - CONTROL NUMBER
control field 2381
003 - CONTROL NUMBER IDENTIFIER
control field FISKH
005 - DATE AND TIME OF LATEST TRANSACTION
control field 20250121152124.0
008 - FIXED-LENGTH DATA ELEMENTS--GENERAL INFORMATION
fixed length control field 960806s1998 maua b 000 0 eng
010 ## - LIBRARY OF CONGRESS CONTROL NUMBER
LC control number 96034829
020 ## - INTERNATIONAL STANDARD BOOK NUMBER
International Standard Book Number 0316931187
020 ## - INTERNATIONAL STANDARD BOOK NUMBER
International Standard Book Number 0439040221
040 ## - CATALOGING SOURCE
Original cataloging agency DLC
Transcribing agency DLC
Modifying agency DLC
Language of cataloging eng
042 ## - AUTHENTICATION CODE
Authentication code lcac
050 00 - LIBRARY OF CONGRESS CALL NUMBER
Classification number PZ8.3.H66
Item number Mi 1998
082 00 - DEWEY DECIMAL CLASSIFICATION NUMBER
Classification number 798.42
Edition number 21
100 1# - MAIN ENTRY--PERSONAL NAME
Personal name Hoberman, Mary Ann.
245 10 - TITLE STATEMENT
Title Miss Mary Mack /
Statement of responsibility, etc. adapted by Mary Ann Hoberman ; illustrated by Nadine Bernard Westcott.
250 ## - EDITION STATEMENT
Edition statement First Scholastic printing, January 1999
260 ## - PUBLICATION, DISTRIBUTION, ETC.
Place of publication, distribution, etc. New York :
Name of publisher, distributor, etc. Scholastic,
Date of publication, distribution, etc. 1998
300 ## - PHYSICAL DESCRIPTION
Extent 30 unnumbered pages :
Other physical details color illustrations ;
Dimensions 28 cm
505 ## - FORMATTED CONTENTS NOTE
Formatted contents note F<br/>
520 ## - SUMMARY, ETC.
Summary, etc. An expanded adaptation of the familiar hand-clapping rhyme about a young girl and an elephant. Includes music and directions for the hand-clapping actions.
521 8# - TARGET AUDIENCE NOTE
Target audience note 360 <br/>
Source Lexile NP<br/>
521 8# - TARGET AUDIENCE NOTE
Target audience note F <br/>
Source Raz-Plus<br/>
650 #0 - SUBJECT ADDED ENTRY--TOPICAL TERM
Topical term or geographic name entry element Children's songs
Form subdivision Texts.
650 #1 - SUBJECT ADDED ENTRY--TOPICAL TERM
Topical term or geographic name entry element Songs.
700 1# - ADDED ENTRY--PERSONAL NAME
Personal name Westcott, Nadine Bernard,
Relator term illustrator
906 ## - LOCAL DATA ELEMENT F, LDF (RLIN)
a 7
b cbc
c orignew
d 1
e ocip
f 19
g y-gencatlg
942 ## - ADDED ENTRY ELEMENTS (KOHA)
Source of classification or shelving scheme Dewey Decimal Classification
Koha item type Books
Suppress in OPAC No
Holdings
Withdrawn status Lost status Source of classification or shelving scheme Damaged status Not for loan Collection Home library Current library Shelving location Date acquired Total Checkouts Full call number Barcode Date last seen Date last checked out Price effective from Koha item type Copy number
    Dewey Decimal Classification     Juvenile Fiction Footprints International School Library Network Toul Kork Campus Footprints International School Library Network Toul Kork Campus TK Primary Library Room(4th Floor), Bookcase 7, Shelves 57-60, Dark Green Books 11/21/2023 2 HOB 798.42 FISTK00990 05/16/2024 01/02/2024 11/21/2023 Books  
    Dewey Decimal Classification     Juvenile Fiction Footprints International School Library Network Toul Kork Campus Footprints International School Library Network Toul Kork Campus TK Primary Library Room(4th Floor), Bookcase 7, Shelves 57-60, Dark Green Books 01/20/2025   HOB 798.42 2025-0046 01/20/2025   01/20/2025 Books 2